[Event "GER-ch U14 DEM op"]
[Site "Oberhof"]
[Date "2010.05.23"]
[Round "1"]
[White "Siegl, Melina"]
[Black "Glase, Johan"]
[Result "1/2-1/2"]
[WhiteElo "1404"]
[BlackElo "1068"]
[PlyCount "86"]
[EventDate "2010.05.23"]
[EventType "swiss"]
[EventRounds "7"]
[EventCountry "GER"]
[SourceTitle "CBM 136 Extra"]
[Source "ChessBase"]
[SourceDate "2010.07.02"]
[SourceVersion "2"]
[SourceVersionDate "2010.07.15"]
[SourceQuality "1"]

1. e4 g6 2. d4 Bg7 3. Nf3 d6 4. Be3 c5 5. Nc3 Qa5 6. Qd3 Nf6 7. Qb5+ Qxb5 8. Bxb5+ Bd7 9. dxc5 0-0 10. Bxd7 Nbxd7 11. cxd6 exd6 12. Rd1 Nc5 13. Bxc5 dxc5 14. 0-0 Rfd8 15. h3 Nd7 16. Nd5 b6 17. b3 Nf6 18. Nxf6+ Bxf6 19. c4 Re8 20. Rfe1 Rad8 21. Rxd8 Rxd8 22. e5 Bg7 23. Re2 h6 24. Nh4 Re8 25. Nf3 f6 26. e6 g5 27. g3 Kf8 28. Nd2 Ke7 29. f4 f5 30. fxg5 hxg5 31. Nf3 Bf6 32. Kf2 Kd6 33. Rd2+ Kxe6 34. Re2+ Kf7 35. Rxe8 Kxe8 36. Ke3 Ke7 37. g4 Ke6 38. a3 Bb2 39. Nxg5+ Kf6 40. Nf3 fxg4 41. hxg4 Bxa3 42. Ke4 a6 43. Kd5 b5 1/2-1/2

[Event "Berlin Lichtenberger op 8th"]
[Site "Berlin"]
[Date "2009.08.21"]
[Round "7"]
[White "Lippianowski, Stefan"]
[Black "Glase, Johan"]
[Result "0-1"]
[WhiteElo "936"]
[BlackElo "964"]
[PlyCount "34"]
[EventDate "2009.08.15"]
[EventType "swiss"]
[EventRounds "9"]
[EventCountry "GER"]
[SourceTitle "CBM 131 Extra"]
[Source "ChessBase"]
[SourceDate "2009.09.03"]
[SourceVersion "2"]
[SourceVersionDate "2009.09.16"]
[SourceQuality "1"]

1. e4 c5 2. Bc4 e6 3. Nf3 Nf6 4. Nc3 d5 5. exd5 exd5 6. Qe2+ Be7 7. Bb5+ Bd7 8. Ne5 d4 9. Qc4 0-0 10. Nd5 Bxb5 11. Qxb5 Qxd5 12. Qe2 Qxg2 13. Rf1 Qxh2 14. d3 Re8 15. Bd2 Bd6 16. f4 Qxe2+ 17. Kxe2 Bxe5 0-1